R v Leominster DC, ex p. Pothecary (Record no. 53704)

MARC details
000 -LEADER
fixed length control field 00835cab a2200205 4500
001 - CONTROL NUMBER
control field X90936
008 - FIXED-LENGTH DATA ELEMENTS--GENERAL INFORMATION
fixed length control field 090401t1998 xxu||||| |||| 00| 0 eng d
035 ## - SYSTEM CONTROL NUMBER
System control number (Sirsi) u85402
041 ## - LANGUAGE CODE
Language code of text/sound track or separate title eng
245 ## - TITLE STATEMENT
Title R v Leominster DC, ex p. Pothecary
260 ## - PUBLICATION, DISTRIBUTION, ETC.
Date of publication, distribution, etc. 1998
350 ## - PRICE (NR) (BK AM CF MU VM SE) [OBSOLETE]
Price 0
490 ## - SERIES STATEMENT
Series statement Journal of Planning and Environment Law
Volume/sequential designation [1998] JPL 335-351
520 ## - SUMMARY, ETC.
Summary, etc. CA 28 October 1997. Lambing shed-adjacent to neighbouring house-retrospective planning permission-whether the fact that the shed was already built a relevant consideration-validity of condition-allegation of irrationality-judicial review-planning permission upheld as valid. (Taken from headnote).
650 ## - SUBJECT ADDED ENTRY--TOPICAL TERM
Topical term or geographic name entry element FARM BUILDINGS
650 ## - SUBJECT ADDED ENTRY--TOPICAL TERM
Topical term or geographic name entry element RETROSPECTIVE PLANNING PERMISSION
690 ## - LOCAL SUBJECT ADDED ENTRY--TOPICAL TERM (OCLC, RLIN)
Topical term or geographic name as entry element PLANNING LAW AND PRACTICE-CASE LAW
942 ## - ADDED ENTRY ELEMENTS (KOHA)
Suppress in OPAC 0
948 ## - LOCAL PROCESSING INFORMATION (OCLC); SERIES PART DESIGNATOR (RLIN)
c (OCLC) 02/04/1998
Holdings
Withdrawn status Lost status Source of classification or shelving scheme Damaged status Not for loan Home library Current library Shelving location Date acquired Total Checkouts Full call number Barcode Date last seen Copy number Price effective from Koha item type
    Dewey Decimal Classification     London London Journal article 14/09/1999   X90936 85402-1001 06/08/2019 1 06/08/2019 Law report